000 00340nam a2200133Ia 4500
008 191201s2006 xx 000 0 und d
082 _a005.131
_bKHF
100 _aKLIR, George J
245 0 _aFuzzy Sets and Fuzzy Logic: Theory and Applications
260 _aN.Delhi
_bPHI
_c2006
300 _a574
650 _aB.Tech(IT)
942 _2ddc
_cBK
999 _c2751
_d2751